Statistiken für NB I (Ungarische Fußballliga)

Klicken Sie hier um das Quiz zu spielen!

Allgemein

  • Dieses Quiz wurde 9 mal gespielt
  • Das Durchschnittsergebnis liegt bei 6 aus 12

Antwortstatistiken

Antwort% Korrekt
Ferencvaros Budapest
100%
Újpest FC
86%
Debreceni VSC
71%
Fehérvár FC
57%
Diósgyöri VTK
43%
Kecskeméti TE
43%
Kisvárda FC
43%
Mezőkövesdi SE
43%
MTK Budapest
43%
Paksi FC
43%
PUSKAS AKADEMIA
43%
Zalaegerszegi TE
29%

Verteilung der Resultate

Perzentil nach korrekt beantworteten Fragen

Anzahl Personen mit jedem Resultat

Ihre Resultats-Entwicklung

Sie haben dieses Quiz noch nicht gespielt